000 00323nam a2200133Ia 4500
100 _aGAYAKWAD RAMAKANT.A
650 _aELECTRONICS
942 _cBK
245 _aOP-AMPS & LINEAT INTEGRATED CIRCUITS.
260 _bPrentice Hall of India
_aNew Delhi.
_c1995
082 _a621.3815/GAY
300 _a640
546 _aENGLISH
999 _c26286
_d26286